[Event "Hochsauerland-ch U16"]
[Site "Foeckinghausen"]
[Date "2003.01.04"]
[Round "3"]
[White "Kampert, Andreas"]
[Black "Weingarten, Johanna"]
[Result "1-0"]
[WhiteElo "1447"]
[BlackElo "956"]
[PlyCount "43"]
[EventDate "2003.01.??"]
[EventType "swiss"]
[EventRounds "5"]
[EventCountry "GER"]
[SourceTitle "EXT 2005"]
[Source "ChessBase"]
[SourceDate "2004.11.15"]
[SourceVersion "1"]
[SourceVersionDate "2004.11.15"]
[SourceQuality "1"]

1. e4 e5 2. d4 exd4 3. c3 dxc3 4. Bc4 Nc6 5. Nf3 Nf6 6. Nxc3 Be7 7. 0-0 0-0 8. e5 Nh5 9. h3 d5 10. Nxd5 Re8 11. Re1 a6 12. Nxe7+ Rxe7 13. Bg5 b5 14. Bxe7 Qxe7 15. Bd5 Rb8 16. Bxc6 f6 17. exf6 gxf6 18. Rxe7 Bf5 19. Qd5+ Kh8 20. Qxf5 Kg8 21. Qxh5 Kf8 22. Qf7# 1-0